02105cam a22003255i 4500999001700000001001400017003000700031005001700038008004100055020001800096040003900114082002100153100003200174245008300206264005400289264001000343300002800353336002600381337002800407338002700435500002300462504005100485506006200536520093200598650004601530653002101576655002401597942001201621952014601633 c28432d28403ssj0002268958WaSeSS20200812111333.0160414t20092009miu f bd 001 0 eng d a9781530051120 aBIP USbengerdadWaSeSScEG-ScBUE04a005.133bSEV2221 aSeverance, Charles,eauthor10aPython for everybody :bexploring data using Python 3 /cCharles R. Severance. 1aAnn Arbor, Michigan :bCharles Severance,c[2009] 4cc2009 axii, 233 pages ;c24 cm atextbtxt2rdacontent aunmediatedbn2rdamedia avolumebnc2rdacarrier aIncludes glossary. aIncludes bibliographical references and index. aAvailable on campus and off campus with authorized login.8 aAnnotationbPython for Everybody is designed to introduce students to programming and software development through the lens of exploring data. You can think of the Python programming language as your tool to solve data problems that are beyond the capability of a spreadsheet. Python is an easy to use and easy to learn programming language that is freely available on Macintosh, Windows, or Linux computers. So once you learn Python you can use it for the rest of your career without needing to purchase any software. This book uses the Python 3 language. The earlier Python 2 version of this book is titled "Python for Informatics: Exploring Information." There are free downloadable electronic copies of this book in various formats and supporting materials for the book at www.pythonlearn.com. The course materials are available to you under a Creative Commons License so you can adapt them to teach your own Python course. 7aPython (Computer program language)2BUEsh bCOMSCIcJuly2020 vReading book934232 2ddccBB 00102ddc40708BaccahaMAINbMAINcLOWd2020-07-05ePurchasel3m9o005.133 SEVp000049224r2025-07-15 00:00:00s2024-04-03w2020-07-05yBB